000 00273 a2200121 4500
001 146201
040 _cEscola São Tomás de Aquino
100 _aBANDEIRA, Pedro
240 1 0 _aAnjo da morte
_lpor
245 1 0 _aAnjo da morte
697 _a*LITERATURA JUVENIL
942 _cBK
999 _c146201
_d146201